000 00426nab a2200145Ia 4500
003 ES-SlBCS
005 20210601125455.0
008 140529s1987-88 xxu||||| |||| 00| 0 eng d
041 _aeng
100 1 _aWilliams, Michael E.
_9151641
245 0 0 _aScepticism without Theory
_c Michael E. Williams
650 0 4 _aEscepticismo
_9117291
773 0 _tReview of Methaphysics
_gvol. 41, 1987-88, págs. 547-588
_wRev843
942 _cAR
999 _c530908
_d530908